| 000 | 00675 a2200229 4500 | ||
|---|---|---|---|
| 005 | 20160609155433.0 | ||
| 008 | 100802t xxu||||| |||| 00| 0 eng d | ||
| 020 | _a2-07-071278-8 | ||
| 040 | _aBUAC | ||
| 041 | _aFr. | ||
| 082 | _a140.8 | ||
| 100 |
_aKoyré, Alexandre _97813 |
||
| 245 |
_aDu monde clos à l'univers infini _c/ Alexandre Koyré ; trad. de l'anglais par Raissa Tarr |
||
| 260 |
_aParis : _bEd. Gallimard _c1993 |
||
| 300 |
_a349 p. _c19 cm. |
||
| 440 |
_a(Collection Tel _n129) _97814 |
||
| 504 | _acomprend Index p. 340-349 | ||
| 630 |
_aPHILOSOPHIE _97815 |
||
| 650 |
_aEpistémologie : histoire : sciences _97816 |
||
| 942 | _cLIVR | ||
| 999 |
_c35000 _d35000 |
||